| 000 | 00430nam a2200157 4500 | ||
|---|---|---|---|
| 001 | 126157 | ||
| 003 | ES-MaACL | ||
| 005 | 20230906192751.0 | ||
| 007 | t| | ||
| 008 | 070214s1944 sp r ||||1| spa d | ||
| 100 | 1 |
_aReal, Cristóbal. _995676 |
|
| 245 | 1 | 3 |
_aLa gran siembra de España / _cCristóbal Real. |
| 260 |
_aMadrid : _bEditora Nacional, _c1944. |
||
| 300 |
_a433 p. ; _c22 cm. |
||
| 852 |
_aES-MaACL _jF-16210 _bR.21087 |
||
| 999 |
_c126157 _d126157 |
||